[Event "Foment Martinenc op-C 24th"]
[Site "Barcelona"]
[Date "2024.04.27"]
[Round "2"]
[White "Moya Aceituno, Juan Gabriel"]
[Black "Sanchez Hernandez, Alex"]
[Result "1-0"]
[WhiteElo "1526"]
[BlackElo "1537"]
[PlyCount "71"]
[EventDate "2024.04.20"]
[EventType "swiss"]
[EventRounds "9"]
[EventCountry "ESP"]
[SourceTitle "CBM 220 Extra"]
[Source "ChessBase"]
[SourceDate "2024.07.31"]
[SourceVersion "1"]
[SourceVersionDate "2024.07.31"]
[SourceQuality "1"]

1. e4 e5 2. Nf3 Nc6 3. d4 exd4 4. Bc4 Nf6 5. 0-0 d5 6. exd5 Nxd5 7. Re1+ Be7 8. Nxd4 Nf6 9. Nb5 0-0 10. Bf4 Ne8 11. Qf3 Nd4 12. Qe4 Nxb5 13. Bxb5 Nd6 14. Bxd6 Bxd6 15. Nc3 c6 16. Bd3 g6 17. Rad1 Bf5 18. Qf3 Bxd3 19. Rxd3 Re8 20. Ne4 f5 21. Qd1 fxe4 22. Rxd6 Qe7 23. Rd7 Qe6 24. b3 Rab8 25. a4 Qf6 26. Qe2 Qe6 27. Red1 Qf6 28. R1d6 Qg5 29. Qc4+ Kh8 30. Qf7 Qh6 31. g3 Rf8 32. Qe6 Rfe8 33. Qf6+ Kg8 34. Rc7 Qf8 35. Qh4 h5 36. Rxg6+ 1-0